000 00261nam a2200121Ia 4500
100 _aDept of Humanities
650 _aCommunication skills
942 _cBK
245 _aCommunication Skills -Sem II
260 _b#N/A
_c2013
546 _aENGLISH
999 _c18567
_d18567